000 00466nam a2200157Ia 4500
008 210210b1963 xxu||||| |||| 00| 0 eng d
020 _a0 671 53154 9
082 _a428.1 GALW
100 _aGALLAGHER (Ruth Gleeson) and COLVIN (James).
245 _aWords most often misspelled and mispronounced.
260 _aNew York.
_bPocket Books Pvt Ltd.,
_c1963
300 _axiv,226
650 _aPronounciation, Misspelled
690 _aEnglish Usage
906 _a038959
999 _c88935
_d88935